Lý thuyết và bài tập về động lực học của vật rắn quay quanh một trục cố định

Lý thuyết: Khối tâm, mômen, động học, phương trình chuyển động quay, các dịnh lý về mômen động lượng, cơ năng cảu vật rắn; con quay. Bài Tập

保存先:
書誌詳細
第一著者: Phan, Thị Hoa
その他の著者: Bạch, Nghĩ Th.S (Hướng dẫn)
フォーマット: 図書
言語:Vietnamese
出版事項: Đại học Đà Nẵng Trường đại học Sư Phạm 2010
シリーズ:Khóa luận tốt nghiệp đại học. Chuyên ngành: Sư phạm Lý
主題:
タグ: タグ追加
タグなし, このレコードへの初めてのタグを付けませんか!
Thư viện lưu trữ: Mạng thư viện Đại học Đà Nẵng
LEADER 01246nam a2200325 4500
001 000012140
003 8428
005 20120216080236.0
008 120216s2010 viesd
041 |a vie 
072 |a Khóa luận tốt nghiệp 
082 |a 531.3  |b PH-H 
100 |a Phan, Thị Hoa 
245 |a Lý thuyết và bài tập về động lực học của vật rắn quay quanh một trục cố định  |c Phan, Thị Hoa 
260 |a Đại học Đà Nẵng  |b Trường đại học Sư Phạm  |c 2010 
300 |a 87 tr.  |c 29 cm 
490 |a Khóa luận tốt nghiệp đại học. Chuyên ngành: Sư phạm Lý 
500 |a Tham khảo tr.87 
520 |a Lý thuyết: Khối tâm, mômen, động học, phương trình chuyển động quay, các dịnh lý về mômen động lượng, cơ năng cảu vật rắn; con quay. Bài Tập 
653 |a Khóa luận tốt nghiệp đại học 
653 |a Khoa Vật lý 
700 |a Bạch, Nghĩ  |c Th.S  |e Hướng dẫn 
OWN |a LSP 
999 |a From the UDN01 
TYP |a Monograph 
TYP |a Printed language 
980 |a Mạng thư viện Đại học Đà Nẵng